Preferenční teorie Hakimové v českém kontextu

Preferenčná teória britskej sociologičky z Oxfordskej univerzity C. Hakimovej. Typológia žien podľa preferencií vo vzťahu k rodine a platenej práci: ženy orientované na rodinu a domácnosť, ženy orientované na zamestnanie a kariéru a ženy adaptívne. Typológia Hakimovej v Českej republike - výsledky v...

Descrizione completa

Salvato in:
Dettagli Bibliografici
Autore principale: Rabušic, Ladislav
Altri autori: Chromková Manea, Beatrice-Elena
Natura: Capitolo di libro
Lingua:ceco
Soggetti:
Tags: Aggiungi Tag
Nessun Tag, puoi essere il primo ad aggiungerne!!

MARC

LEADER 00000naa$a2200000$$$4500
001 0059055
005 20220715114522.1
041 0 |a cze 
044 |a CZ 
245 1 0 |a Preferenční teorie Hakimové v českém kontextu  |c Ladislav Rabušic, Beatrice-Elena Chromková Manea 
520 |a Preferenčná teória britskej sociologičky z Oxfordskej univerzity C. Hakimovej. Typológia žien podľa preferencií vo vzťahu k rodine a platenej práci: ženy orientované na rodinu a domácnosť, ženy orientované na zamestnanie a kariéru a ženy adaptívne. Typológia Hakimovej v Českej republike - výsledky výskumu. Typológia a pôrodnosť. Typológia a opatrenia rodinnej politiky. 
610 2 0 |a demografia 
610 2 0 |a ženy 
610 2 0 |a domácnosti 
610 2 0 |a rodina 
610 2 0 |a zamestnanie 
610 2 0 |a kariéra 
610 2 0 |a pôrodnosť 
610 2 0 |a dovolenka materská 
610 2 0 |a prídavky na deti 
610 2 0 |a Česko 
100 1 |a Rabušic, Ladislav 
700 1 |a Chromková Manea, Beatrice-Elena